000 01744nam a2200433 c 4500
001 23282
003 ES-MaCES
005 20141221122833.0
008 100908s2010 sp bd t o000 | spa d
017 _aVA 546-2010
_bDL
020 _a9788495308436
035 _aCES20100007401m
040 _aES-MaCES
_bspa
_cES-MaCES
245 0 0 _aSituación económica y social de Castilla y León en 2009
_cConsejo Económico y Social, Comunidad de Castilla y León
260 _aValladolid
_bCES
_c[2010]
300 _a2 v. (965, 447 p.)
_bgráf., mapas, col.
_c24 cm
500 _aAprobado en la Sesión Plenaria del Consejo Económico y Social de 26 de junio de 2009
500 _aÍndices
505 0 _at. I: Economía, mercado laboral, calidad de vida y protección social -- t. II: Conclusiones y recomendaciones
541 _cGratuito
650 4 _acondiciones económicas
_927081
650 4 _acondiciones sociales
_930469
650 4 _amercado de trabajo
_928292
650 4 _acalidad de la vida
_929237
650 4 _aprotección social
_929076
650 4 _arepertorio de recomendaciones prácticas
_929261
650 4 _aCastilla y León
_930782
650 4 _a2009
_931942
650 4 _ainforme
_928986
653 1 0 _aCondiciones económicas
710 2 _aConsejo Económico y Social (Castilla y León)
_92405
740 0 2 _aEconomía, mercado laboral, calidad de vida y protección social
740 0 2 _aConclusiones y recomendaciones
787 0 _tSituación económica y social de Castilla y León en 2010
_w(ES-MaCES)23964
787 0 _tSituación económica y social de Castilla y León en 2008
_w(ES-MaCES)22440
902 _aLIB Libro
942 _2CES
_cBK
_h0.0.
999 _c23282
_d23282